000 00782nam a2200265Ia 4500
003 OSt
005 20220923214032.0
006 a|||||r|||| 00| 0
007 ta
008 220922b |||||||| |||| 00| 0 hin d
024 _a166,659
037 _cTextual
040 _aARTS
_cARTS
_bhin
041 _2hin
_ahin
082 _aO152,1N071x, H9;K7
100 _aबच्चन
245 0 _aआकुल अन्तर
246 _aĀkul antara
250 _aसंस्क0 6
260 _aदिल्ली
_b राजपाल एण्ड सन्ज
_c1967
300 _a120पृ.
_ccm.
650 _aहिन्दी साहित्य
_9156264
942 _hO152,1N071x, H9;K7
_cTEXL
_2CC
999 _c321138
_d321138